000 00581nam a2200205Ia 4500
005 20250923145340.0
008 008 250917s9999 xx 000 0 eng d
037 _aTextual
040 _aDSWL
_beng
_cDSWL
041 _aeng
_2eng
084 _aS8, N74
_qDSWL
100 _aSahakian, Williams
_9834345
245 0 _aSystematic social psychology
_c by Williams Sahakian
260 _aLondon
_bChandler Pub. Company
_c1974
300 _axiii,589p.
365 _aINR
_b136 . 88
925 _g136 . 88
942 _cTEXL
_hS8, N74
999 _c1450294
_d1450294